The project workout: A toolkit for reaping the rewords from all your business projects (Record no. 203148)
[ view plain ]
| 000 -LEADER | |
|---|---|
| fixed length control field | 00469nam a2200169Ia 4500 |
| 008 - FIXED-LENGTH DATA ELEMENTS--GENERAL INFORMATION | |
| fixed length control field | 231221s9999 xx 000 0 und d |
| 041 ## - LANGUAGE CODE | |
| Language code of text/sound track or separate title | English |
| 082 ## - DEWEY DECIMAL CLASSIFICATION NUMBER | |
| Classification number | 658.404 BUT; |
| 100 ## - MAIN ENTRY--PERSONAL NAME | |
| Personal name | Buttrick, Robert |
| 245 #4 - TITLE STATEMENT | |
| Title | The project workout: A toolkit for reaping the rewords from all your business projects |
| 250 ## - EDITION STATEMENT | |
| Edition statement | 2nd ed. |
| 260 ## - PUBLICATION, DISTRIBUTION, ETC. | |
| Date of publication, distribution, etc. | 2000 |
| Name of publisher, distributor, etc. | Pearson |
| Place of publication, distribution, etc. | Delhi |
| 300 ## - PHYSICAL DESCRIPTION | |
| Extent | xxv+464 |
| 300 ## - PHYSICAL DESCRIPTION | |
| Dimensions | SE4453 |
| 650 ## - SUBJECT ADDED ENTRY--TOPICAL TERM | |
| Topical term or geographic name entry element | Project work out,Tool kit |
| 942 ## - ADDED ENTRY ELEMENTS (KOHA) | |
| Koha item type | Compact Disks |
| Date last seen | Total checkouts | Full call number | Accession number | Price effective from | Category | Lost status | Damaged status | Department | Withdrawn status | Home library | Current library | Shelving location | Entry date | Vendor | Grants | Billnumber | Billdate | Currency symbol | Conversion rate | Discount | Old discount |
|---|---|---|---|---|---|---|---|---|---|---|---|---|---|---|---|---|---|---|---|---|---|
| 26/01/2024 | 658.404 BUT; | CD1942 | 26/01/2024 | Compact Disks | Central Library | Central Library | Sai Books | SE/CS | 10 | 12/10/2009 | RS | 1 | 20 | ||||||||
| 26/01/2024 | 658.404 BUT; | CD1943 | 26/01/2024 | Compact Disks | Central Library | Central Library | Sai Books | SE/CS | 10 | 12/10/2009 | RS | 1 | 20 | ||||||||
| 26/01/2024 | 658.404 BUT; | CD1944 | 26/01/2024 | Compact Disks | Central Library | Central Library | Sai Books | SE/CS | 10 | 12/10/2009 | RS | 1 | 20 |
